Les 74 candidats des Marseillais depuis 2012 - Statistiques

Statistiques générales
  • Ce quiz a été pris 1 204 fois
  • Le résultat moyen est 34 sur 74
Statistiques - réponses
Saisons Candidats % Correct
Miami, Cancun Julie Andrieu
98%
Miami, Cancun, Rio, Thailande, South Africa, South America, Australia, Asian Tour, Caraïbes, Dubaï, Mexique Paga
96%
Rio, Thailande, South Africa, South America, Australia, Asian Tour, Caraïbes, Dubaï Jessica Thivenin
95%
Asian Tour Jessica Mazellange
94%
Australia, Asian Tour, Caraïbes, Dubaï, Mexique Maëva Ghennam
91%
Thailande, South Africa, South America, Australia, Asian Tour, Caraïbes, Dubaï Kevin Guedj
89%
Mexique Kévin Roux
89%
Asian Tour, Caraïbes, Dubaï, Mexique Greg Yega
88%
Miami, Cancun, Rio, Thailande, South Africa, South America, Australia, Asian Tour, Caraïbes, Dubaï, Mexique Julien Tanti
88%
South America, Australia, Asian Tour, Caraïbes, Dubaï, Mexique Manon Tanti
87%
Miami, Cancun, Australia, Caraïbes, Dubaï Thibault Garcia
87%
South America Manon Rey Vandoorsselaere
86%
South Africa, South America, Australia, Asian Tour, Caraïbes, Dubaï Carla Moreau
85%
Rio, Australia, Asian Tour, Caraïbes, Dubaï, Mexique Benjamin Samat
82%
Caraïbes, Dubaï, Mexique Océane El Himer
76%
Miami, Cancun, Rio, Thailande, South Africa, South America Stéphanie Durant
76%
Cancun, Rio, Thailande, South Africa Kim Glow
69%
Miami, Cancun, Rio, Thailande, South Africa Antonin Portal
64%
Asian Tour, Caraïbes Alix Desmoineaux
61%
Asian Tour, Caraïbes Nacca
60%
Thailande Norma Julia
58%
Miami, Cancun Julia Malah
57%
Australia Julia Morgante
57%
Miami, Cancun Shanna Kress
57%
Caraïbes Nicolas Tanti
55%
Caraïbes, Dubaï Victoria Mehault
54%
Caraïbes Nicolas Ferrero
52%
Caraïbes Éloïse Appelle
51%
South Africa, South America Jessy Errero
51%
South Africa Fanny Salvat
48%
South Africa Rawell Saïdi
48%
Dubaï Laura Marra
46%
South America Liam Di Benedetto
45%
South Africa, South America Montaine Mounet
45%
Caraïbes Maïssance Aghioul
44%
Mexique Charlotte Mint
40%
Rio Charlotte Lacourbe
39%
Thailande Aurélie Preston
38%
Australia Camille Froment
38%
Miami Théo Sanchez
37%
Dubaï Théo Soggiu
37%
South Africa Thomas Adamandopoulos
37%
Dubaï Alex Giudi
36%
Caraïbes Allan Guedj
35%
Thailande Antony Almeida
35%
Dubaï Lena Guillou
35%
Mexique Cynthia Makhoul
32%
Dubaï Florent André
31%
Rio Micha
30%
Asian Tour Ness Noris
29%
Cancun, Rio Kelly Santoro
28%
Dubaï Luna Skye
27%
Mexique Ambre
26%
Mexique Cédric
26%
Australia Cloé Cooper
24%
South Africa Rémi Notta
23%
Caraïbes Cassandre Mahe
21%
Mexique Andy Andreyassian
20%
Thailande Emmanuelle Cureau
20%
Miami Lola Jamoix
19%
South America Matthieu Lacroix
18%
Australia Jérémy Granier
16%
Rio Romain Affortit
16%
South Africa Clément Castelli
15%
Rio Merylie Castiglione
15%
Asian Tour Trystana Creusy
15%
Mexique Dylan Roux
14%
Dubaï Sandro Casagrande
13%
South America Xavier Cloutrier
12%
Cancun Alexandre Garibaldi
11%
South Africa Bryan Razor
10%
Australia Tony Falduto
10%
Cancun Giula
4%
Cancun Mikaël Grillos
4%
Aucun quiz correspondant
Distribution des résultats
% des personnes avec chaque résultat
Percentile par nombre de réponses
Votre historique - résultats
Vous n’avez pas pris ce quiz